| 000 | 00312 a2200121 4500 | ||
|---|---|---|---|
| 001 | 86557 | ||
| 082 | _a398.2 LOK | ||
| 090 |
_c40734 _d40734 |
||
| 100 | _aHamid Ali Bela | ||
| 245 | _aSindh Sagar : Culture and Heritage SL-78 (Only DVD) | ||
| 260 |
_aIslamabad _bLok Virsa Islamabad _c2012 |
||
| 500 | _aLok Virsa | ||
| 942 |
_aCAENUST _k398.2 LOK |
||
| 999 |
_c321630 _d321630 |
||